|
|
|
|
| LEADER |
00000nam0a2200000 4500 |
| 001 |
72553 |
| 005 |
20231101212641.0 |
| 035 |
|
|
|a (RuTPU)RU\TPU\book\77362
|
| 090 |
|
|
|a 72553
|
| 100 |
|
|
|a 20050127d1993 km y0rusy50 ca
|
| 101 |
0 |
|
|a rus
|
| 102 |
|
|
|a RU
|
| 105 |
|
|
|a a z 001zy
|
| 200 |
1 |
|
|a Расчет упругих тонкостенных конструкций сложной геометрии
|
| 210 |
|
|
|a Казань
|c [Б. и.]
|d 1993
|
| 215 |
|
|
|a 206 с.
|c ил.
|
| 320 |
|
|
|a Литература: с. 194-206
|
| 606 |
1 |
|
|a Оболочки тонкостенные, упругие
|2 stltpush
|3 (RuTPU)RU\TPU\subj\46562
|9 65682
|
| 610 |
1 |
|
|a геометрия
|
| 610 |
1 |
|
|a статистический расчет
|
| 610 |
1 |
|
|a динамический расчет
|
| 610 |
1 |
|
|a исследования
|
| 610 |
1 |
|
|a оболочки
|
| 610 |
1 |
|
|a пластины
|
| 610 |
1 |
|
|a стержни
|
| 610 |
1 |
|
|a вариационные методы
|
| 675 |
|
|
|a 539.3
|v 3
|
| 700 |
|
1 |
|a Якупов
|b Н. М.
|g Нух Махмудович
|
| 701 |
|
1 |
|a Серазутдинов
|b М. Н.
|g Мурат Нуриевич
|
| 712 |
0 |
2 |
|a Российская академия наук (РАН)
|b Институт механики и машиностроения (ИММ)
|c (Казань)
|2 stltpush
|3 (RuTPU)RU\TPU\col\6065
|
| 801 |
|
1 |
|a RU
|b 63413507
|c 20050127
|g PSBO
|
| 801 |
|
2 |
|a RU
|b 63413507
|c 20190219
|g RCR
|
| 942 |
|
|
|c BK
|